|
|
|
|
| LEADER |
00000nam a2200000Ii 4500 |
| 001 |
DIGEJTLOZ209 |
| 003 |
NyNyDIG |
| 006 |
m o d |
| 007 |
cr ||||||||||| |
| 008 |
241203s2024 ck o 000 p spa d |
| 035 |
|
|
|a (OCoLC)1470874506
|
| 040 |
|
|
|a DGITA
|b eng
|e rda
|e pn
|c DGITA
|
| 020 |
|
|
|a 9789587253689
|q ePub
|
| 020 |
|
|
|a 9789587253672
|q digital
|
| 020 |
|
|
|z 9789587253665
|q impreso
|
| 024 |
7 |
|
|a https://doi.org/10.21789/9789587253665
|2 doi
|
| 050 |
1 |
4 |
|a PQ7797.S74 ebook
|
| 100 |
1 |
|
|a Storni, Alfonsina,
|d 1892-1938,
|e author.
|
| 245 |
1 |
0 |
|a Páginas perdidas /
|c Alfonsina Storni ; prólogo, Ana Sofía Figallo Godoy.
|
| 264 |
|
1 |
|a Bogotá :
|b Editorial UTADEO,
|c [2024]
|
| 300 |
|
|
|a 1 online resource.
|
| 336 |
|
|
|a text
|b txt
|2 rdacontent
|
| 337 |
|
|
|a computer
|b c
|2 rdamedia
|
| 338 |
|
|
|a online resource
|b cr
|2 rdacarrier
|
| 347 |
|
|
|a text file
|2 rdaft
|
| 347 |
|
|
|b PDF
|
| 347 |
|
|
|b EPUB
|
| 490 |
1 |
|
|a Animal de letras ;
|v no. 4
|
| 588 |
0 |
|
|a Online resource; title from PDF title page (Digitalia, viewed December 3, 2024)
|
| 655 |
|
7 |
|a Poetry.
|2 lcgft
|
| 700 |
1 |
|
|a Figallo Godoy, Ana Sofía,
|e contributor agent of text.
|
| 791 |
2 |
|
|a Digitalia (Firm),
|e distributor.
|
| 793 |
0 |
|
|g Digitalia eBook Collection:
|a Editorial Jorge Tadeo Lozano
|
| 776 |
0 |
8 |
|i Print version:
|a Storni, Alfonsina, 1892-1938.
|t Páginas perdidas.
|d Bogotá : Editorial UTADEO, [2024]
|z 9789587253665
|
| 830 |
|
0 |
|a Animal de letras ;
|v no. 4.
|
| 856 |
4 |
0 |
|3 Digitalia Hispánica
|u https://www.digitaliapublishing.com/a/163200/
|
| 910 |
|
|
|a Premium collection: 2024
|